[Event "World Rapid 2022"]
[Site "Almaty KAZ"]
[Date "2022.12.27"]
[Round "7.46"]
[White "Najer, Evgeniy"]
[Black "Vokhidov, Shamsiddin"]
[Result "1-0"]
[WhiteTitle "GM"]
[BlackTitle "GM"]
[WhiteElo "2662"]
[BlackElo "2579"]
[WhiteFideId "4118987"]
[BlackFideId "14204223"]
[EventDate "2022.12.26"]

1. e4 c5 2. Nf3 d6 3. d4 cxd4 4. Nxd4 Nf6 5. Nc3 Nc6 6. Bg5 e6 7. Qd2 a6 8. Nxc6
bxc6 9. Bd3 Be7 10. O-O h6 11. Bh4 O-O 12. Rad1 Bb7 13. Qe2 Nd7 14. Bxe7 Qxe7
15. b3 e5 16. Rfe1 Rfd8 17. Na4 a5 18. Rd2 Nf6 19. h3 Qc7 20. Qe3 Re8 21. Red1
Rad8 22. Qb6 Qxb6 23. Nxb6 d5 24. f3 Kf8 25. Bf1 Re6 26. Na4 Red6 27. c4 Ke7 28.
exd5 cxd5 29. Re1 Nd7 30. Nc3 d4 31. Nb5 Re6 32. f4 exf4 33. Red1 f3 34. Nxd4
fxg2 35. Bxg2 Rg6 36. Nf5+ Ke6 37. Nh4 Rg5 38. Re1+ 1-0

[Event "World Rapid 2022"]
[Site "Almaty KAZ"]
[Date "2022.12.27"]
[Round "7.47"]
[White "Muradli, Mahammad"]
[Black "Sjugirov, Sanan"]
[Result "0-1"]
[WhiteTitle "GM"]
[BlackTitle "GM"]
[WhiteElo "2540"]
[BlackElo "2712"]
[WhiteFideId "13409301"]
[BlackFideId "4189302"]
[EventDate "2022.12.26"]

1. d4 d5 2. c4 c6 3. Nf3 Nf6 4. e3 Bf5 5. Nc3 e6 6. Nh4 Bg6 7. Nxg6 hxg6 8. g3
Nbd7 9. Be2 Be7 10. O-O O-O 11. b3 a6 12. Bb2 b5 13. cxd5 cxd5 14. Bd3 Bd6 15.
Qe2 Qe7 16. a4 b4 17. Nb1 a5 18. f4 Ne4 19. Bxe4 dxe4 20. Nd2 f5 21. Rac1 Nf6
22. Rc6 Nd5 23. Nc4 Bc7 24. Rc1 g5 25. Kh1 gxf4 26. gxf4 Rf6 27. Ne5 Rh6 28. Rg1
Kh7 29. Rg5 Qe8 30. Rc1 Bd8 31. Rg3 Bf6 32. Rcg1 Bxe5 33. dxe5 Ra7 34. Bd4 Rc7
35. R3g2 Qh5 36. Qxh5 Rxh5 37. Re2 Rh3 38. Kg2 Rf3 39. Rf1 Rxf1 40. Kxf1 Kh6 41.
Ke1 Rd7 42. Rd2 Rc7 43. Rg2 Rd7 44. Bc5 Rc7 45. Bd4 Rc1+ 46. Kd2 Rh1 47. Kc2 Ra1
48. Rd2 Ra2+ 49. Bb2 Nxe3+ 50. Kb1 Rxb2+ 51. Kxb2 Nd5 52. Kc2 g5 53. fxg5+ Kxg5
54. h4+ Kg6 55. Rxd5 exd5 0-1

[Event "World Rapid 2022"]
[Site "Almaty KAZ"]
[Date "2022.12.27"]
[Round "7.48"]
[White "Aravindh, Chithambaram VR."]
[Black "Bilguun, Sumiya"]
[Result "1/2-1/2"]
[WhiteTitle "GM"]
[BlackTitle "GM"]
[WhiteElo "2607"]
[BlackElo "2474"]
[WhiteFideId "5072786"]
[BlackFideId "4901541"]
[EventDate "2022.12.26"]

1. c4 c5 2. b3 d6 3. Bb2 Nc6 4. g3 e5 5. Bg2 Nge7 6. Nc3 g6 7. e3 Bg7 8. Nge2
O-O 9. O-O Be6 10. Nd5 Rb8 11. Nec3 a6 12. Qe2 Qd7 13. f4 f5 14. Rad1 b5 15. d3
Bf7 16. Kh1 Rbe8 17. Qf2 b4 18. Na4 Nxd5 19. cxd5 Na7 20. e4 Nb5 21. Nb6 Qd8 22.
Nc4 exf4 23. Bxg7 Kxg7 24. gxf4 Nd4 25. Rde1 h6 26. a3 bxa3 27. Nxa3 g5 28. Nc4
Bg8 29. Qg3 g4 30. b4 h5 31. bxc5 h4 32. Qf2 dxc5 33. h3 g3 34. Qa2 fxe4 35.
dxe4 Qf6 36. e5 Qh6 37. Nd6 Re7 38. f5 Rxe5 39. Rxe5 Qxd6 40. Re4 Rxf5 41. Rxf5
Nxf5 42. Qd2 Qf6 43. Rg4+ Kh8 44. Rf4 Qe5 45. d6 Qxd6 46. Rxh4+ Bh7 47. Qb2+ Kg8
48. Rg4+ Kf7 49. Qc1 Bg6 50. Rc4 Nd4 51. Rxc5 Ne6 52. Rc6 Qf4 53. Qe1 Ng5 54.
Qd1 Kg7 55. Rxa6 Ne4 56. Qd4+ Kh7 57. Ra7+ Kh6 58. Qg7+ Kh5 59. Ra5+ Bf5 60.
Qf7+ Kg5 61. Qe7+ Kh5 62. Qe8+ Kg5 63. Qd8+ Kh5 64. Qd1+ Kh4 65. Qe1 Nf2+ 66.
Kg1 Nxh3+ 67. Bxh3 Kxh3 68. Qf1+ Qxf1+ 69. Kxf1 Bd3+ 70. Kg1 Be4 71. Ra4 Bc6 72.
Rd4 Bb5 73. Rd6 Bc4 74. Rd8 Bb5 75. Rd5 Bc4 76. Rd6 Be2 77. Rg6 Bd3 78. Re6 Bc4
79. Rc6 Bd5 80. Rc5 Bb7 81. Rg5 Ba6 82. Rxg3+ Kxg3 1/2-1/2

[Event "World Rapid 2022"]
[Site "Almaty KAZ"]
[Date "2022.12.27"]
[Round "7.49"]
[White "Harsha, Bharathakoti"]
[Black "Yudin, Sergei"]
[Result "1/2-1/2"]
[WhiteTitle "GM"]
[BlackTitle "GM"]
[WhiteElo "2593"]
[BlackElo "2469"]
[WhiteFideId "5078776"]
[BlackFideId "4159659"]
[EventDate "2022.12.26"]

1. c4 e6 2. Nc3 d5 3. d4 c6 4. Nf3 dxc4 5. e3 b5 6. a4 Bb4 7. Bd2 a5 8. axb5
Bxc3 9. Bxc3 cxb5 10. b3 Bb7 11. bxc4 b4 12. Bb2 Nf6 13. Bd3 Nbd7 14. O-O O-O
15. Nd2 Qc7 16. Bc2 Rfc8 17. Re1 e5 18. Bb3 exd4 19. exd4 Qf4 20. h3 Nb6 21. c5
a4 22. cxb6 axb3 23. Rxa8 Bxa8 24. Nxb3 Nd5 25. Qc2 Qb8 26. Nc5 Qxb6 27. Qf5 Rd8
28. Ra1 Bc6 29. Qe5 Qb8 30. Ra6 Bb5 31. Ra5 Qb6 32. Ra1 h6 33. Kh2 Qb8 34. Ra5
Qb6 35. Ra1 Qb8 36. Ra5 Qb6 37. Ra1 Qb8 38. Ra5 1/2-1/2

[Event "World Rapid 2022"]
[Site "Almaty KAZ"]
[Date "2022.12.27"]
[Round "7.50"]
[White "Agmanov, Zhandos"]
[Black "Adhiban, Baskaran"]
[Result "0-1"]
[WhiteTitle "IM"]
[BlackTitle "GM"]
[WhiteElo "2442"]
[BlackElo "2611"]
[WhiteFideId "13708309"]
[BlackFideId "5018471"]
[EventDate "2022.12.26"]

1. d4 Nf6 2. c4 g6 3. Nc3 Bg7 4. e4 d6 5. Be2 O-O 6. Be3 Nc6 7. d5 Ne5 8. f4
Neg4 9. Bd2 Nh6 10. Nf3 c6 11. a4 e6 12. dxe6 fxe6 13. a5 Nh5 14. g3 e5 15. fxe5
dxe5 16. Bg5 Qc7 17. c5 Nf7 18. Bc4 Kh8 19. Be3 Bh3 20. Qe2 Nf6 21. O-O-O Qxa5
22. Bxf7 Bg4 23. Bb3 Nxe4 24. Nxe4 Bxf3 25. Qc2 Bxh1 26. Rxh1 Rf3 27. Ng5 Qa1+
28. Kd2 Qxh1 29. Qe4 Rd8+ 30. Kc3 Qe1+ 31. Kc4 Rxe3 0-1

[Event "World Rapid 2022"]
[Site "Almaty KAZ"]
[Date "2022.12.27"]
[Round "7.51"]
[White "Zverev, Lev"]
[Black "Nguyen, Thai Dai Van"]
[Result "0-1"]
[WhiteTitle "FM"]
[BlackTitle "GM"]
[WhiteElo "2310"]
[BlackElo "2656"]
[WhiteFideId "24250775"]
[BlackFideId "358878"]
[EventDate "2022.12.26"]

1. e4 c5 2. Nf3 e6 3. d4 cxd4 4. Nxd4 Nc6 5. Nc3 Nf6 6. Ndb5 d6 7. Bf4 e5 8. Bg5
a6 9. Na3 b5 10. Bxf6 gxf6 11. Nd5 f5 12. c3 Bg7 13. exf5 Bxf5 14. Nc2 O-O 15.
Nce3 Be6 16. Bd3 f5 17. O-O Kh8 18. Qh5 e4 19. Bc2 Ne7 20. Nxe7 Qxe7 21. f3 b4
22. fxe4 Qa7 23. Qh3 f4 24. Qxe6 fxe3 25. Rfe1 bxc3 26. Kh1 cxb2 27. Rab1 Rf2
28. Bd3 Qd4 29. Qb3 Raf8 30. h3 Be5 31. Bxa6 Qxe4 32. Bb7 Qxb1 0-1

[Event "World Rapid 2022"]
[Site "Almaty KAZ"]
[Date "2022.12.27"]
[Round "7.52"]
[White "Fedorov, Alexei"]
[Black "Tin, Jingyao"]
[Result "0-1"]
[WhiteTitle "GM"]
[BlackTitle "GM"]
[WhiteElo "2475"]
[BlackElo "2562"]
[WhiteFideId "13500465"]
[BlackFideId "5804418"]
[EventDate "2022.12.26"]

1. e4 c6 2. Ne2 d5 3. e5 c5 4. d4 cxd4 5. Nxd4 Nc6 6. Nxc6 bxc6 7. Bd3 e6 8. O-O
Ne7 9. c4 Ng6 10. Qe2 Bc5 11. cxd5 exd5 12. Kh1 O-O 13. f4 f6 14. e6 f5 15. Qc2
Qd6 16. Bxf5 Bb6 17. Re1 Rf6 18. Nd2 Bxe6 19. Bxe6+ Rxe6 20. Rxe6 Qxe6 21. Nf3
Nh4 22. Ne5 Re8 23. Bd2 Nf5 24. Qxc6 Qxc6 25. Nxc6 Re6 26. g4 Rxc6 27. gxf5 Rc2
28. Rd1 d4 29. Bc1 Kf7 30. a4 Kf6 31. b4 Kxf5 32. a5 Bc7 33. Bd2 Ke4 34. b5 Rb2
35. Rc1 Bxf4 36. Bxf4 Kxf4 37. Rc7 d3 38. Rf7+ Ke5 39. b6 axb6 40. a6 d2 0-1

[Event "World Rapid 2022"]
[Site "Almaty KAZ"]
[Date "2022.12.27"]
[Round "7.53"]
[White "Tabatabaei, M. Amin"]
[Black "Dragnev, Valentin"]
[Result "1-0"]
[WhiteTitle "GM"]
[BlackTitle "GM"]
[WhiteElo "2660"]
[BlackElo "2556"]
[WhiteFideId "12521213"]
[BlackFideId "1634852"]
[EventDate "2022.12.26"]

1. d4 Nf6 2. c4 e6 3. Nc3 Bb4 4. e3 O-O 5. Bd3 d5 6. a3 Bxc3+ 7. bxc3 dxc4 8.
Bxc4 c5 9. Ne2 Qc7 10. Bd3 b6 11. e4 cxd4 12. cxd4 Ba6 13. O-O Qb7 14. f3 Bxd3
15. Qxd3 Nbd7 16. a4 Rfd8 17. Bg5 h6 18. Bh4 Rdc8 19. a5 Rc6 20. a6 Qc7 21. Rfc1
Rc8 22. Bg3 Rxc1+ 23. Rxc1 Qd8 24. Rc4 Ne8 25. Qc2 Rxc4 26. Qxc4 Nb8 27. h3 Nd6
28. Bxd6 Qxd6 29. Qc8+ Kh7 30. e5 Qb4 31. Qxb8 Qe1+ 32. Kh2 Qxe2 33. Qxa7 Qe3
34. Qxf7 Qxd4 35. a7 Qa4 36. Kg3 Qa5 37. Qb7 h5 38. Qe4+ 1-0

[Event "World Rapid 2022"]
[Site "Almaty KAZ"]
[Date "2022.12.27"]
[Round "7.54"]
[White "Kovalev, Vladislav"]
[Black "Uskov, Artem"]
[Result "1-0"]
[WhiteTitle "GM"]
[BlackTitle "FM"]
[WhiteElo "2623"]
[BlackElo "2376"]
[WhiteFideId "13504398"]
[BlackFideId "34254854"]
[EventDate "2022.12.26"]

1. e4 c5 2. Be2 d6 3. f4 Nc6 4. Nf3 g6 5. d3 Bg7 6. O-O e6 7. c3 Nge7 8. Be3 O-O
9. Nbd2 Rb8 10. Rc1 b5 11. d4 cxd4 12. cxd4 a6 13. Bd3 Bb7 14. Qe2 Rc8 15. a3
Nb8 16. e5 Rxc1 17. Rxc1 Nf5 18. Bf2 Bd5 19. Ne4 dxe5 20. dxe5 Nd7 21. Nc3 Bxf3
22. Qxf3 Bxe5 23. Bxf5 Bxc3 24. Qxc3 exf5 25. Rd1 Qc8 26. Qd4 Nb8 27. h4 Nc6 28.
Qc3 h5 29. Rd6 Ne7 30. Qf6 Qc1+ 31. Kh2 Nc8 32. Rd8 Rxd8 1-0

[Event "World Rapid 2022"]
[Site "Almaty KAZ"]
[Date "2022.12.27"]
[Round "7.55"]
[White "Yilmaz, Mustafa"]
[Black "Ansat, Aldiyar"]
[Result "1-0"]
[WhiteTitle "GM"]
[BlackTitle "IM"]
[WhiteElo "2617"]
[BlackElo "2291"]
[WhiteFideId "6302718"]
[BlackFideId "13715658"]
[EventDate "2022.12.26"]

1. d4 Nf6 2. c4 g6 3. Nc3 d5 4. cxd5 Nxd5 5. e4 Nxc3 6. bxc3 Bg7 7. Be3 c5 8.
Nf3 O-O 9. Be2 Qa5 10. O-O Rd8 11. Qb3 e6 12. Rac1 Qc7 13. Rfd1 Nc6 14. h4 Na5
15. Qb1 b6 16. h5 Bb7 17. Bg5 Re8 18. h6 Bf8 19. Qd3 Qc6 20. Ne5 Qxe4 21. Qxe4
Bxe4 22. Nd7 Bc6 23. Nf6+ Kh8 24. Nxe8 Rxe8 25. Bf3 Ba4 26. Re1 Nc4 27. g4 Kg8
28. Be2 Nd6 29. dxc5 bxc5 30. Bf3 f5 31. gxf5 Nxf5 32. Rb1 Nxh6 33. Rb7 Nf7 34.
Bf6 a6 35. Rb6 Bd6 36. Rxa6 Bb5 37. Ra7 Bc4 38. a4 h5 39. a5 Rb8 40. a6 Rb2 41.
Rd1 Ra2 42. Ra8+ Bf8 43. a7 g5 44. Be7 Kg7 45. Bxf8+ Kf6 46. Bxc5 Ne5 47. Rf8+
Kg7 48. a8=Q 1-0

[Event "World Rapid 2022"]
[Site "Almaty KAZ"]
[Date "2022.12.27"]
[Round "7.56"]
[White "Nogerbek, Kazybek"]
[Black "Vallejo Pons, Francisco"]
[Result "1-0"]
[WhiteTitle "IM"]
[BlackTitle "GM"]
[WhiteElo "2468"]
[BlackElo "2716"]
[WhiteFideId "13710427"]
[BlackFideId "2205530"]
[EventDate "2022.12.26"]

1. Nf3 e6 2. c4 d5 3. e3 dxc4 4. Bxc4 Nf6 5. d4 c5 6. O-O a6 7. dxc5 Bxc5 8.
Qxd8+ Kxd8 9. b3 Ke7 10. Bb2 b6 11. Nbd2 Nbd7 12. Be2 Bb7 13. Nc4 Rhc8 14. Rfd1
Bd5 15. Nce5 Nxe5 16. Nxe5 a5 17. Bb5 Ra7 18. Rxd5 Nxd5 19. Nc6+ Rxc6 20. Bxc6
g5 21. Bxd5 exd5 22. a4 f5 23. Kf1 Kd6 24. Ke2 g4 25. Kd3 Re7 26. g3 Re6 27. Rh1
Rh6 28. Bg7 Rh5 29. Ke2 Ke6 30. Kf1 Rh3 31. Kg2 h5 32. Rc1 h4 33. Bc3 Kd6 34.
Bg7 hxg3 35. hxg3 Rh7 36. Bb2 b5 37. Bc3 bxa4 38. bxa4 Rb7 39. Be5+ Kxe5 40.
Rxc5 Ra7 41. Rc6 Rb7 42. Ra6 Rb1 43. Rxa5 Ra1 44. Ra8 Kf6 45. a5 Kg7 46. Ra6 Kf7
47. Ra8 Kg7 48. a6 Kf7 49. a7 Kg7 50. Kh2 Ra3 51. Kg1 Ra1+ 52. Kg2 1-0

[Event "World Rapid 2022"]
[Site "Almaty KAZ"]
[Date "2022.12.27"]
[Round "7.57"]
[White "Utegaliyev, Azamat"]
[Black "Demchenko, Anton"]
[Result "0-1"]
[BlackTitle "GM"]
[WhiteElo "2445"]
[BlackElo "2632"]
[WhiteFideId "13702467"]
[BlackFideId "4160258"]
[EventDate "2022.12.26"]

1. e4 e5 2. Nf3 Nc6 3. Bb5 a6 4. Bxc6 dxc6 5. O-O Qf6 6. d4 exd4 7. Bg5 Qd6 8.
Nxd4 Be7 9. Be3 Bd7 10. Nc3 O-O-O 11. Qe2 Qg6 12. Rad1 Nh6 13. f3 Rhe8 14. Qf2
Kb8 15. Rd2 f5 16. Rfd1 Bd6 17. exf5 Nxf5 18. Ne4 Nxe3 19. Qxe3 Qh5 20. g3 Bc8
21. Qf2 Qf7 22. a3 Be7 23. Kg2 Rf8 24. Ne2 Rd5 25. Qe3 Re5 26. Rf1 Bf5 27. N2c3
Qe6 28. g4 Bg6 29. Qe2 h5 30. h3 Bd6 31. Re1 Qe7 32. Qf2 hxg4 33. hxg4 Bf7 34.
Ree2 Bc4 35. Re1 g6 36. Nxd6 cxd6 37. Rxe5 Qxe5 38. Qg3 Rf4 39. b3 Qe3 40. Ne4
Bf1+ 41. Kh2 d5 42. Qf2 0-1

[Event "World Rapid 2022"]
[Site "Almaty KAZ"]
[Date "2022.12.27"]
[Round "7.58"]
[White "Munkhgal, Gombosuren"]
[Black "Tari, Aryan"]
[Result "0-1"]
[WhiteTitle "GM"]
[BlackTitle "GM"]
[WhiteElo "2463"]
[BlackElo "2659"]
[WhiteFideId "4901266"]
[BlackFideId "1510045"]
[EventDate "2022.12.26"]

1. d4 d5 2. Bf4 c5 3. e3 cxd4 4. exd4 Nc6 5. c3 f6 6. Bd3 e5 7. Qh5+ g6 8. Bxg6+
hxg6 9. Qxh8 exf4 10. Qxg8 Qe7+ 11. Ne2 Bf5 12. Qxd5 Be4 13. Qc4 Bxg2 14. Rg1 f3
15. Nd2 O-O-O 16. Qd3 Ne5 17. Qe4 Bh6 18. Nc4 Qe6 19. dxe5 f5 20. Nf4 Qa6 21.
Qc2 Qxc4 22. Rxg2 Bxf4 23. Rxg6 Bd2+ 24. Qxd2 Rxd2 25. Kxd2 Qe2+ 26. Kc1 Qe1+
27. Kc2 Qxa1 28. e6 Qe1 29. Kb3 Kd8 30. h4 Qxf2 31. h5 Qh2 0-1

[Event "World Rapid 2022"]
[Site "Almaty KAZ"]
[Date "2022.12.27"]
[Round "7.59"]
[White "Vakhidov, Jakhongir"]
[Black "Petkov, Momchil"]
[Result "1/2-1/2"]
[WhiteTitle "GM"]
[BlackTitle "GM"]
[WhiteElo "2607"]
[BlackElo "2531"]
[WhiteFideId "14201801"]
[BlackFideId "2921642"]
[EventDate "2022.12.26"]

1. c4 e5 2. Nc3 Bb4 3. Nd5 a5 4. Nf3 d6 5. a3 Bc5 6. e3 c6 7. d4 Ba7 8. Nc3 Nd7
9. Be2 Ngf6 10. b4 O-O 11. Bb2 Bb8 12. b5 Re8 13. Qc2 d5 14. bxc6 bxc6 15. dxe5
Nxe5 16. cxd5 cxd5 17. Nb5 a4 18. Nxe5 Bxe5 19. Bxe5 Rxe5 20. O-O Bd7 21. Rac1
h5 22. Nd4 Rc8 23. Qb2 Rb8 24. Qa1 Re8 25. h3 Ne4 26. Nf3 Qe7 27. Rc7 Qd6 28.
Rfc1 Rb3 29. Nd4 Rxa3 30. Qb2 Nxf2 31. Bf1 Nd3 32. Rxd7 Qxd7 33. Qxa3 Nxc1 34.
Qxc1 Qe7 35. Kf2 Qf6+ 36. Kg1 Qe5 37. Kf2 h4 38. Nf3 Qd6 39. Bb5 Ra8 40. Qa1 a3
41. Qa2 Rb8 42. Nd4 Qb4 43. Qxd5 Qb2+ 44. Kf3 Rxb5 45. Qd8+ Kh7 46. Qxh4+ Kg8
47. Qd8+ Kh7 48. Qh4+ Kg8 49. Qd8+ Kh7 1/2-1/2

[Event "World Rapid 2022"]
[Site "Almaty KAZ"]
[Date "2022.12.27"]
[Round "7.60"]
[White "Pantsulaia, Levan"]
[Black "Madaminov, Mukhiddin"]
[Result "1-0"]
[WhiteTitle "GM"]
[BlackTitle "IM"]
[WhiteElo "2597"]
[BlackElo "2438"]
[WhiteFideId "13602071"]
[BlackFideId "14210703"]
[EventDate "2022.12.26"]

1. Nf3 Nf6 2. g3 g6 3. b3 Bg7 4. Bb2 O-O 5. Bg2 d5 6. c4 c6 7. d3 a5 8. Nbd2 Bg4
9. O-O Nbd7 10. Rc1 a4 11. b4 Qb8 12. a3 e5 13. cxd5 cxd5 14. h3 Be6 15. Ng5 Qd6
16. Nxe6 fxe6 17. Rc2 Rfe8 18. Qa1 Rec8 19. Rfc1 Rxc2 20. Rxc2 Ne8 21. Qc1 Kf8
22. e4 d4 23. h4 h6 24. Nc4 Qe7 25. f4 h5 26. Rf2 Kg8 27. f5 Rc8 28. Qd1 b5 29.
Nd2 Bh6 30. Nf1 Ndf6 31. fxg6 Kg7 32. Bf3 Kxg6 33. Bxh5+ Nxh5 34. Qg4+ Bg5 35.
Nh2 Nd6 36. Nf3 Nf7 37. hxg5 Rh8 38. Nh4+ Kg7 39. Bc1 Nd6 40. Bd2 Nf7 41. Kg2
Nd6 42. Rf6 Qc7 43. Qxe6 Nxf6 44. gxf6+ Kh7 45. Qxe5 Ne8 46. Qh5+ Kg8 47. Qxe8+
Kh7 48. Qg6# 1-0

[Event "World Rapid 2022"]
[Site "Almaty KAZ"]
[Date "2022.12.27"]
[Round "7.61"]
[White "Petrov, Nikita"]
[Black "Gharibyan, Mamikon"]
[Result "0-1"]
[WhiteTitle "GM"]
[BlackTitle "IM"]
[WhiteElo "2537"]
[BlackElo "2480"]
[WhiteFideId "4101286"]
[BlackFideId "13308300"]
[EventDate "2022.12.26"]

1. d4 Nf6 2. Bg5 Ne4 3. Bf4 c5 4. f3 Nf6 5. dxc5 Qa5+ 6. Qd2 Qxc5 7. e4 d6 8.
Nc3 a6 9. O-O-O Nbd7 10. g4 h6 11. h4 b5 12. Be3 Qc7 13. Bh3 Ne5 14. g5 b4 15.
Na4 Nc4 16. Qf2 Nh5 17. g6 e5 18. Nb6 Nxb6 19. Bxb6 Qc6 20. gxf7+ Kxf7 21. Be3
Be7 22. Qg2 g6 23. Kb1 a5 24. Ne2 Bxh3 25. Qxh3 a4 26. Rd2 Nf6 27. Rg1 d5 28. h5
gxh5 29. exd5 Qd7 30. Qh1 b3 31. d6 bxc2+ 32. Kc1 Bd8 33. f4 e4 34. Bd4 a3 35.
b3 Ba5 36. Rxc2 Rac8 37. Bxf6 Rxc2+ 38. Kxc2 Qxd6 39. Qxh5+ Ke6 40. Qe5+ Qxe5
41. Bxe5 Rd8 42. Nd4+ Kd5 43. Rg6 Rc8+ 44. Kd1 e3 45. Ke2 Ke4 46. Nc6 Bb6 47. b4
h5 48. b5 h4 49. Bc3 h3 50. Re6+ Kxf4 51. Be5+ Kf5 52. Rf6+ Ke4 53. Rf4+ Kd5 54.
Rh4 Rf8 55. Bg3 Kc5 56. Rh5+ Kc4 57. Ne5+ Kc3 58. Nd7 Rg8 59. Be5+ Bd4 60. Bxd4+
Kxd4 61. Rh4+ Kc3 62. b6 Kb2 63. b7 Kxa2 64. b8=Q Rxb8 65. Nxb8 Kb3 66. Na6 a2
67. Nc5+ Ka3 68. Ra4+ Kb2 69. Nd3+ Kb3 70. Rb4+ Kc3 71. Ra4 h2 72. Ra3+ Kd4 73.
Ra4+ Kc3 74. Ra3+ Kc4 75. Rxa2 h1=Q 76. Ne5+ Kb3 77. Ra5 Kb4 78. Ra7 Qh2+ 79.
Kxe3 Qxe5+ 80. Kf3 Qc3+ 81. Kg2 Qd2+ 82. Kf1 Qd1+ 83. Kg2 Qe2+ 84. Kh1 Qf1+ 0-1

[Event "World Rapid 2022"]
[Site "Almaty KAZ"]
[Date "2022.12.27"]
[Round "7.62"]
[White "Burmakin, Vladimir"]
[Black "Durarbayli, Vasif"]
[Result "0-1"]
[WhiteTitle "GM"]
[BlackTitle "GM"]
[WhiteElo "2498"]
[BlackElo "2612"]
[WhiteFideId "4105109"]
[BlackFideId "13402935"]
[EventDate "2022.12.26"]

1. d4 d5 2. Nf3 Nf6 3. c4 c6 4. e3 Bf5 5. Nc3 e6 6. Nh4 Be4 7. f3 Bg6 8. Qb3 Qc7
9. Bd2 Be7 10. Nxg6 hxg6 11. Rc1 dxc4 12. Bxc4 a6 13. Be2 Nbd7 14. f4 Rd8 15.
Bf3 Qb8 16. g3 Nd5 17. O-O O-O 18. Ne4 Qa7 19. Nf2 a5 20. a3 a4 21. Qc2 c5 22.
e4 N5f6 23. e5 Nd5 24. Bxd5 exd5 25. dxc5 Nxc5 26. Bb4 b6 27. Nd3 Rc8 28. Rfd1
Qb7 29. Qe2 Rfd8 30. Nf2 Qd7 31. Rc2 Rc7 32. Rcd2 Qc6 33. Bxc5 bxc5 34. Qf3 Rcd7
35. Kg2 c4 36. Ng4 Qe6 37. Rc2 d4 38. Nf2 d3 39. Rcd2 Rb8 40. Rc1 Rdb7 41. Nd1
f5 42. Kh3 g5 43. Kg2 g4 44. Qf1 Qd5+ 0-1

[Event "World Rapid 2022"]
[Site "Almaty KAZ"]
[Date "2022.12.27"]
[Round "7.63"]
[White "Makhnev, Denis"]
[Black "Tologon tegin, Semetei"]
[Result "0-1"]
[WhiteTitle "GM"]
[BlackTitle "IM"]
[WhiteElo "2481"]
[BlackElo "2394"]
[WhiteFideId "13707647"]
[BlackFideId "13800574"]
[EventDate "2022.12.26"]

1. d4 Nf6 2. c4 e6 3. Nf3 Bb4+ 4. Bd2 a5 5. e3 b6 6. Bd3 Bb7 7. O-O O-O 8. Nc3
d5 9. cxd5 exd5 10. Rc1 Be7 11. Ne5 Nbd7 12. f4 c5 13. Be1 cxd4 14. exd4 Ne4 15.
Qe2 f5 16. Bb5 Nxe5 17. fxe5 Bg5 18. Rd1 Qe7 19. Na4 Qe6 20. Rd3 Rac8 21. Rb3
Rc1 22. Bd3 Bd8 23. Bxa5 Rxf1+ 24. Qxf1 bxa5 25. Rxb7 Qh6 26. Qe1 Bg5 27. Qxa5
Be3+ 28. Kf1 Qf4+ 29. Ke1 Bd2+ 30. Kd1 Bxa5 0-1

[Event "World Rapid 2022"]
[Site "Almaty KAZ"]
[Date "2022.12.27"]
[Round "7.64"]
[White "Munkhdalai, Amilal"]
[Black "Dardha, Daniel"]
[Result "0-1"]
[WhiteTitle "FM"]
[BlackTitle "GM"]
[WhiteElo "2142"]
[BlackElo "2606"]
[WhiteFideId "4903250"]
[BlackFideId "240990"]
[EventDate "2022.12.26"]

1. e4 e5 2. Nf3 Nc6 3. Bb5 Nf6 4. d3 d6 5. c4 g6 6. h3 Bg7 7. Nc3 O-O 8. Be3 Nh5
9. Bxc6 bxc6 10. d4 Nf4 11. O-O Qf6 12. dxe5 dxe5 13. Bxf4 exf4 14. e5 Qe7 15.
Qd4 g5 16. Ne4 Rd8 17. Qc3 h6 18. Nf6+ Kh8 19. Nh5 c5 20. Rfe1 Be6 21. Nxg7 Kxg7
22. Nd2 Rd4 23. b3 Bf5 24. Qb2 Kg8 25. Nf3 Rd3 26. Rad1 Rad8 27. Rxd3 Rxd3 28.
Qe2 Qd7 29. Kh2 Kg7 30. Qb2 Be6 31. Re2 Rxf3 32. gxf3 Qd3 33. Kg2 Qf5 34. Qc3
Qxh3+ 35. Kg1 0-1

[Event "World Rapid 2022"]
[Site "Almaty KAZ"]
[Date "2022.12.27"]
[Round "7.65"]
[White "Nesterov, Arseniy"]
[Black "Suyarov, Mukhammadzokhid"]
[Result "1-0"]
[WhiteTitle "GM"]
[BlackTitle "FM"]
[WhiteElo "2573"]
[BlackElo "2299"]
[WhiteFideId "24198455"]
[BlackFideId "14210495"]
[EventDate "2022.12.26"]

1. d4 e6 2. c4 b6 3. e4 Bb4+ 4. Nc3 Bb7 5. Bd3 f5 6. f3 Qh4+ 7. g3 Qe7 8. Ne2
fxe4 9. fxe4 Nc6 10. O-O Bxc3 11. bxc3 O-O-O 12. a4 Nh6 13. c5 Rhf8 14. Ba3 Qg5
15. Nf4 e5 16. Qh5 Qxh5 17. Nxh5 exd4 18. cxd4 Nxd4 19. Rxf8 Rxf8 20. c6 Rf3 21.
cxb7+ Kxb7 22. Rd1 g6 23. Nf4 g5 24. Bb2 Nc6 25. Kg2 g4 26. h3 Nb4 27. hxg4 Re3
28. Bd4 Nxg4 29. Be2 c5 30. Bxg4 cxd4 31. Rxd4 Nc2 32. Rxd7+ Kc6 33. Rxa7 Ra3
34. Kh3 Kd6 35. Rd7+ Kc6 36. Rxh7 Ra1 37. Bf3 Nd4 38. Bg2 Kd6 39. Rh6+ Ke7 40.
Nd5+ Kf7 41. Nxb6 Ra3 42. e5 Ne2 43. Rf6+ Kg7 44. Bf3 Nd4 45. Bh5 Ra1 46. Nd5
Rh1+ 47. Kg4 Re1 48. Rf7+ 1-0

[Event "World Rapid 2022"]
[Site "Almaty KAZ"]
[Date "2022.12.27"]
[Round "7.66"]
[White "Aleksandrov, Aleksej"]
[Black "Akhilbay, Imangali"]
[Result "1-0"]
[WhiteTitle "GM"]
[WhiteElo "2495"]
[BlackElo "2140"]
[WhiteFideId "13500139"]
[BlackFideId "13734857"]
[EventDate "2022.12.26"]

1. d4 d5 2. c4 e6 3. Nc3 c5 4. cxd5 exd5 5. Nf3 Nc6 6. e3 Nf6 7. Bb5 cxd4 8.
Nxd4 Bd7 9. O-O Bd6 10. Nf3 Bf5 11. b3 O-O 12. Bb2 a6 13. Bxc6 bxc6 14. Rc1 Rc8
15. Na4 Ne4 16. Qd4 f6 17. Qb6 Qe8 18. Qxa6 Bg4 19. Nd4 Qh5 20. f4 c5 21. Nf3 c4
22. Rcd1 Rfd8 23. Nb6 Nc5 24. Qa5 Nd3 25. Nxc8 Rxc8 26. Bd4 Bb4 27. Qb5 Bd6 28.
bxc4 dxc4 29. Qxh5 Bxh5 30. Rd2 Bg6 31. Bc3 Be4 32. Nd4 Ra8 33. Ra1 Ba3 34. Nc2
Bc1 35. Rd1 Bb2 36. Bxb2 Nxb2 37. Rd2 c3 38. Re2 Nc4 39. a4 Bd3 40. Rf2 Rb8 41.
h3 Rb2 42. Ne1 Be4 43. a5 c2 44. Nxc2 Rxc2 45. Rxc2 Bxc2 46. Rc1 Bd3 47. Rc3 1-0